Formuła 1 - składy zespołów 1994 - Statystyki

Ogólne statystyki
  • Ten quiz został rozwiązany 25 razy
  • Średni wynik to 12 z 24
Statystyki odpowiedzi
Zespół Kraj Zawodnik Rundy % Poprawnych
Benetton Niemcy Michael Schumacher 1-11, 14-16
100%
Brazylia Ayrton Senna 1-4
95%
Finlandia Mika Hakkinen 1-9, 11-16
86%
Williams W.Brytania Damon Hill
81%
Holandia Jos Verstappen 1-2, 7-14
76%
W.Brytania Nigel Mansell 7, 14-16
76%
Ferrari Austria Gerhard Berger
71%
Jordan Brazylia Rubens Barrichello
67%
W.Brytania David Coulthard 5-6, 8-13
57%
Francja Jean Alesi 1, 4-16
57%
Ligier Francja Olivier Panis
57%
Finlandia JJ Lehto 3-6, 12-13
48%
W.Brytania Johnny Herbert 15-16
43%
W.Brytania Johnny Herbert 14
43%
W.Brytania Eddie Irvine 1, 5-16
38%
McLaren W.Brytania Martin Brundle
38%
Japonia Aguri Suzuki 2
33%
Włochy Andrea de Cesaris 3-4
29%
Tyrrell W.Brytania Mark Blundell
29%
Włochy Nicola Larini 2-3
24%
Francja Eric Bernard 1-13
19%
Japonia Ukyo Katayama
19%
Francja Philippe Alliot 10
10%
Francja Franck Lagorce 15-16
5%
Nie znaleziono quizów pasujących do podanych kryteriów
Rozkład punktacji
Procent ludzi z każdym wynikiem
Percentyl według liczby udzielonych odpowiedzi
Twoja historia wyników
Nie rozwiązałeś tego quizu